| 000 | 03300nab a2200301 i 4500 | ||
|---|---|---|---|
| 003 | BR-BrBNA | ||
| 005 | 20260320181044.0 | ||
| 008 | 260320b2018 bl.qr|pooa||| 00| 0 eng | | ||
| 040 |
_aBR-BrBNA _beng |
||
| 072 |
_aF30 _b1190 |
||
| 100 | _aDuarte, Manoela Mendes | ||
| 100 | _aNogueira, Antonio Carlos | ||
| 100 | _aVieira, Elisa Serra Negra | ||
| 245 | _aDiversity and spatial genetic structure of natural populations of Ziziphus joazeiro Mart | ||
| 500 | _a Publicação online; 25 ref.; 3 tables; Summaries (En, Pt) | ||
| 520 | _a ABSTRACT: This study aimed to characterize the genetic diversity and spatial genetic of natural populations of Ziziphus joazeirousing molecular markers. Twelve ISSR markers were used in 77 individuals, distributed between two populations located in the state of Ceará, Brazil. The set of markers generated 220 polymorphic loci for the “Não me Deixes” population (Pop 1) and 74 loci for the “Triunfo” population (Pop 2). The results indicated a higher genetic diversity among individuals of the Pop 2. According to the analysis of molecular variance, most genetic diversity occurred within the populations (59.49%). There was no spatial genetic structure among individuals the Pop 1 population. In contrast, the Pop 2 population presented spatial genetic structure up to the first distance class (132 m). Due to the observed genetic variation, both populations present potential for seed collection and seedling formation to be used in restoration area and genetic conservation programs. Key words: caatinga biome; genetic resources; seed collection | ||
| 520 | _a RESUMO: Este estudo objetivou a caracterização da diversidade e estrutura genética espacial existente em populações naturais de Ziziphus joazeiro a partir de marcadores moleculares. Doze marcadores ISSR foram utilizados em 77 indivíduos, distribuídos em duas populações, localizadas no estado do Ceará, Brasil. O conjunto de marcadores gerou 220 locos polimórficos para a população Não me Deixes (Pop 1), e 74 locos para a população Triunfo (Pop 2). Os resultados indicaram maior diversidade genética entre os indivíduos da Pop 2 e a maior parte da diversidade genética ocorreu dentro das populações (59,49%). Não houve estruturação genética espacial entre os indivíduos da Pop 1, em contrapartida, a Pop 2 apresentou estruturação genética espacial até a primeira classe de distância (132 m). Devido à variação genética observada, as duas populações apresentam potencial para a coleta de sementes e formação de mudas a serem utilizadas em programas de restauração de áreas e de conservação genética. Palavras-chave: bioma caatinga; recursos genéticos; coleta de sementes | ||
| 650 | _aJUÁ | ||
| 650 | _aFRUTA TROPICAL | ||
| 650 | _aSEMENTE | ||
| 650 | _aMARCADOR MOLECULAR | ||
| 650 | _aRECURSO GENÉTICO | ||
| 650 | _aCAATINGA | ||
| 773 | 0 |
_04656 _9360705 _dRecife-PE Universidade Federal Rural de Pernambuco 2006 _o2026-1087 _tRevista Brasileira de Ciências Agrárias (Brazil) _x1981-1160 _gv. 13(4) p. 1-6; (2018) _wBR2026000016 |
|
| 856 | _uhttp://www.agraria.pro.br/ojs32/index.php/RBCA/article/view/v13i4a5573/271 | ||
| 942 | _cANA | ||
| 999 |
_c340502 _d340502 |
||